00904nam a2200253 a 450000100060000000300090000600800410001502000150005604000280007108200150009910000320011424500390014625000060018526000380019130000110022949000520024050501550029259000640044765000400051165000400055165000300059194200120062199900170063319203CO-ViMGA141112s2004 ck r 000 u spa d a847112355X aCO-ViMGAbspacCO-ViMGA04a372.5 H17i1 aHargreaves, David J.92757510aInfancia y educación artística a3 aMadrid : bEdiciones Morata; 1991 a203 p. aPedagogía : educación infantíl y primaria aFundamento teórico Diversos campos artísticos : dibujo; música, escultura; arte dramático, escritura Los niños y las artes en la educación aForma de adquisición : Proyecto 2005 - - Precio : 51.30014aARTE - ENSEÑANZA - NIÑOS92757614aPSICOLOGIA EVOLUTIVA - ARTES92757714aPSICOLOGIA INFANTIL91631 2ddccBK c28365d28365